Enigmes Naruto #2 - Statistiques

Statistiques générales
  • Ce quiz a été pris 3 546 fois
  • Le résultat moyen est 23 sur 26
Statistiques - réponses
Enigmes Lettre personnages % Correct
J est le disciple de S est le fils de C J Naruto
98%
Y a voulu se venger de B puis a fini par vouloir le venger Y Sasuke
98%
D est le sensei de J et un Hokage D Kakashi
97%
B faisait equipe avec Z et etait de la meme famille que Y B Itachi
96%
C était le sensei de D C Minato
96%
O aime Y O Sakura
96%
H est le plus puissants des Uchiwa H Madara
95%
E etait le ninja le plus fort de tous les temps et l'ennemi de H E Hashirama
93%
S c'est fait tués par son ancien disciple S Jiraya
93%
L n'a jamais supporter de perdre N L Obito
93%
U a une force surhumaine et le maitre de O U Tsunade
93%
P est le frere de E est un ancien Hokage P Tobirama
91%
N etait l'equipiere de D et L N Rin
89%
X est un marrionnetiste X Sasori
89%
G etait un Hokage pendant longtemps G Hiruzen
88%
R est mort contre un membre de l'akatsuki R Asuma
87%
Z est surnommé le demon sans queue Z Kisame
87%
A etait un disciple de S et un ami de I A Nagato
87%
T etait l'equipié de X T Deidara
85%
I est l'ami de A et appartient a la meme organisarion que Z I Konan
83%
M attend un enfant de R M Kurenai
82%
K aime Y et est de la meme famille que J K Karin
81%
F etait le rival de G et n'aime pas les Uchiwa F Danzo
80%
W est la grand mere de X W Chiyo
78%
V veut recupérer l'épée de Z V Suigetsu
69%
Q a des pulsions meurtriere Q Jugo
53%
Aucun quiz correspondant
Distribution des résultats
% des personnes avec chaque résultat
Percentile par nombre de réponses
Votre historique - résultats
Vous n’avez pas pris ce quiz